000 00590 a2200181 4500
999 _c183466
_d183466
005 20211227104025.0
010 _aENG-130652
020 _a978-0190-123-987
_c895.00
035 _aEN-114184
037 _bDBAD/PUB
082 _a954.2
100 _aHawley, John Stratton
245 _aKrishna's Playground:
_cJohn Stratton Hawley
_bVrindavan in the 21st Century/
260 _aNew Delhi
_bOxford University Press
_c2020
270 _a22 Workspace, 2nd Floor, 1/22, Asaf Ali Road
_bNew Delhi
_e110002
300 _a361p.
_c21cm (pbk)
942 _adpl
_cEN
_2ddc
_h954.2
_mHAW